| 000 | 00654nam a2200229Ia 4500 | ||
|---|---|---|---|
| 003 | OSt | ||
| 005 | 20220927104404.0 | ||
| 006 | a|||||r|||| 00| 0 | ||
| 007 | ta | ||
| 008 | 220926b |||||||| |||| 00| 0 eng d | ||
| 024 | _a151796 | ||
| 037 | _cReference Collections | ||
| 040 |
_aRTL _cRTL _beng |
||
| 041 |
_2eng _aeng |
||
| 082 | _a"z.2.N61t5(X9), K2;1/GD" | ||
| 110 | _a"India, Planning (Commission)" | ||
| 245 | 0 | _aProgramms of industrial development | |
| 260 | _c1962 | ||
| 700 | _a"India, Planning (Commission)" | ||
| 942 |
_h"z.2.N61t5(X9), K2;1/GD" _cCC |
||
| 999 |
_c687077 _d687077 |
||